[Event "Helsingor Xtracon op"]
[Site "Helsingor"]
[Date "2017.07.23"]
[Round "3"]
[White "Gutierrez Bolado, Juan Antonio"]
[Black "Morling, Aase"]
[Result "1-0"]
[WhiteElo "1696"]
[BlackElo "1512"]
[PlyCount "125"]
[EventDate "2017.07.22"]
[EventType "swiss"]
[EventRounds "10"]
[EventCountry "DEN"]
[SourceTitle "CBM 179 Extra"]
[Source "ChessBase"]
[SourceDate "2017.08.23"]
[SourceVersion "1"]
[SourceVersionDate "2017.08.23"]
[SourceQuality "1"]

1. e4 e5 2. Nf3 Nc6 3. Bc4 Bc5 4. d4 exd4 5. c3 Nf6 6. e5 d5 7. Bb5 Ne4 8. cxd4 Bb4+ 9. Bd2 Bxd2+ 10. Nbxd2 0-0 11. h3 Nxd2 12. Qxd2 h6 13. 0-0 Ne7 14. Rac1 c6 15. Bd3 Bf5 16. Be2 a5 17. Nh4 Bh7 18. f4 Nf5 19. Nxf5 Bxf5 20. Bd3 Bxd3 21. Qxd3 Qb6 22. Rc2 Rac8 23. Rfc1 Rc7 24. Kf1 Rfc8 25. b3 Ra8 26. a3 Qa6 27. Ke2 Qxd3+ 28. Kxd3 g6 29. Rc5 Rd7 30. Ke3 h5 31. h4 Kf8 32. Kf3 Ke7 33. g4 hxg4+ 34. Kxg4 Ke6 35. Kg5 Rdd8 36. Rh1 Rh8 37. Rc3 Rh5+ 38. Kg4 f5+ 39. Kg3 Ra6 40. Rhc1 Kd7 41. Rc5 Ke6 42. Rg1 b5 43. Kh3 Rh6 44. Rgc1 Kd7 45. e6+ Kd6 46. Re1 Ke7 47. Rec1 Kd6 48. e7 Rh8 49. Rg1 Kxe7 50. Rxg6 Rc8 51. h5 Kf7 52. Kh4 a4 53. b4 Rb6 54. Kg5 Ke7 55. Kxf5 Rf8+ 56. Kg5 Kd7 57. Rxd5+ cxd5 58. Rxb6 Rg8+ 59. Kf5 Rf8+ 60. Ke5 Kc7 61. Rxb5 Rh8 62. Kxd5 Rxh5+ 63. Kc4 1-0

[Event "Kiel op 28th"]
[Site "Kiel"]
[Date "2015.07.27"]
[Round "5"]
[White "Gutierrez Bolado, Juan Antonio"]
[Black "Millgramm, Stephan"]
[Result "1-0"]
[WhiteElo "1669"]
[BlackElo "1846"]
[PlyCount "53"]
[EventDate "2015.07.25"]
[EventType "swiss"]
[EventRounds "9"]
[EventCountry "GER"]
[SourceTitle "CBM 167 Extra"]
[Source "ChessBase"]
[SourceDate "2015.09.14"]
[SourceVersion "1"]
[SourceVersionDate "2015.09.14"]
[SourceQuality "1"]

1. e4 c5 2. Qh5 e6 3. Nf3 Nf6 4. Qh4 Be7 5. e5 Nd5 6. Qg3 0-0 7. d4 g6 8. h4 h5 9. Bd3 Kg7 10. c4 Nb4 11. Be4 cxd4 12. a3 N8c6 13. Qf4 Rh8 14. g4 Qg8 15. gxh5 Rxh5 16. Rg1 Kh8 17. Ng5 Bxg5 18. hxg5 Qg7 19. Nd2 Nxe5 20. b3 Nec6 21. Bf3 e5 22. Qg3 Rh7 23. Ne4 d5 24. Nf6 Rh3 25. Rh1 Rxh1+ 26. Bxh1 Qf8 27. Qh4+ 1-0

[Event "Terre degli Elimi op 4th"]
[Site "Erice"]
[Date "2013.07.28"]
[Round "7"]
[White "Gueci, Laura"]
[Black "Gutierrez Bolado, Juan Antonio"]
[Result "1-0"]
[WhiteElo "1913"]
[BlackElo "1711"]
[PlyCount "71"]
[EventDate "2013.07.24"]
[EventType "swiss"]
[EventRounds "7"]
[EventCountry "ITA"]
[SourceTitle "EXT 2015"]
[Source "ChessBase"]
[SourceDate "2014.11.20"]
[SourceVersion "1"]
[SourceVersionDate "2014.11.20"]
[SourceQuality "1"]

1. c4 e5 2. g3 Nc6 3. Bg2 Nf6 4. Nc3 Bc5 5. Nf3 0-0 6. d3 Rb8 7. 0-0 b6 8. a3 Bb7 9. b4 Bd4 10. Bb2 Re8 11. e3 Bxc3 12. Bxc3 d6 13. Qc2 h6 14. d4 exd4 15. Nxd4 Nxd4 16. Bxd4 Bxg2 17. Kxg2 Nd7 18. Bb2 f6 19. Rad1 Qe7 20. Qc3 Kh8 21. Rd4 Ne5 22. Rfd1 Rbd8 23. Qc2 Qf7 24. Rd5 Qh5 25. Bxe5 Rxe5 26. f4 Rxd5 27. Rxd5 Qe8 28. e4 Qe7 29. Rd2 Re8 30. Re2 Qf7 31. Qd3 Qe6 32. Qd5 Kg8 33. Kf3 Kf7 34. Qxe6+ Rxe6 35. b5 Kg6 36. f5+ 1-0

[Event "Terre degli Elimi op 4th"]
[Site "Erice"]
[Date "2013.07.27"]
[Round "6"]
[White "Gutierrez Bolado, Juan Antonio"]
[Black "Cannella, Carlo Umberto"]
[Result "0-1"]
[WhiteElo "1711"]
[BlackElo "1972"]
[PlyCount "68"]
[EventDate "2013.07.24"]
[EventType "swiss"]
[EventRounds "7"]
[EventCountry "ITA"]
[SourceTitle "EXT 2015"]
[Source "ChessBase"]
[SourceDate "2014.11.20"]
[SourceVersion "1"]
[SourceVersionDate "2014.11.20"]
[SourceQuality "1"]

1. e4 c6 2. d4 d5 3. exd5 cxd5 4. Bd3 Nc6 5. c3 Nf6 6. Bf4 e6 7. Qb3 Bd6 8. Bxd6 Qxd6 9. Nf3 0-0 10. Nbd2 a5 11. a4 Bd7 12. 0-0 Rfb8 13. Rae1 Na7 14. c4 Qc6 15. Ra1 Qc7 16. Rfc1 dxc4 17. Nxc4 b5 18. Nce5 Qd8 19. Nxd7 Qxd7 20. Qd1 bxa4 21. Rc4 Nc6 22. Ne5 Nxe5 23. dxe5 Nd5 24. Bxh7+ Kxh7 25. Qh5+ Kg8 26. Rh4 Kf8 27. Qg5 f6 28. Qg6 Qf7 29. Rh8+ Ke7 30. exf6+ Qxf6 31. Qc2 Rxh8 32. Qc5+ Kf7 33. Re1 Qf4 34. h3 Qb4 0-1

[Event "Cantabria-ch Seniors"]
[Site "Camargo"]
[Date "2013.01.02"]
[Round "5.3"]
[White "Gutierrez Diaz, Isidro"]
[Black "Gutierrez Bolado, Juan Antonio"]
[Result "0-1"]
[WhiteElo "1545"]
[BlackElo "1703"]
[PlyCount "80"]
[EventDate "2012.12.26"]
[EventType "swiss"]
[EventRounds "7"]
[EventCountry "ESP"]
[SourceTitle "EXT 2024"]
[Source "ChessBase"]
[SourceDate "2023.10.10"]
[SourceVersion "1"]
[SourceVersionDate "2023.10.10"]
[SourceQuality "1"]

1. e4 g6 2. Nf3 c5 3. g3 Bg7 4. Bg2 Nc6 5. d3 Nf6 6. 0-0 0-0 7. Re1 d6 8. Nbd2 Bg4 9. c3 b5 10. Nf1 Ne5 11. d4 cxd4 12. cxd4 Bxf3 13. Bxf3 Nxf3+ 14. Qxf3 Nd7 15. Be3 a6 16. h4 Rc8 17. Rac1 Qa5 18. a3 Qd8 19. Nh2 Nb6 20. b3 Nd7 21. h5 Nf6 22. hxg6 fxg6 23. Bd2 Qd7 24. Rxc8 Qxc8 25. Rc1 Qh3 26. Bf4 Nh5 27. e5 Nxf4 28. gxf4 Qxf3 29. Nxf3 Rxf4 30. Kg2 dxe5 31. dxe5 a5 32. Rc5 a4 33. b4 Rc4 34. Rxb5 Rc3 35. e6 h6 36. Rb7 Bf6 37. Nd2 Rxa3 38. Rb8+ Kg7 39. Nc4 Rd3 40. Na5 Rd4 0-1

[Event "Cantabria-ch"]
[Site "Cantabria"]
[Date "2009.04.18"]
[Round "5"]
[White "Gutierrez Bolado, Juan Antonio"]
[Black "Gomez Ortega, Mario"]
[Result "0-1"]
[WhiteElo "1849"]
[BlackElo "1729"]
[PlyCount "33"]
[EventDate "2009.03.14"]
[EventType "swiss"]
[EventRounds "7"]
[EventCountry "ESP"]
[SourceTitle "EXT 2024"]
[Source "ChessBase"]
[SourceDate "2023.10.10"]
[SourceVersion "1"]
[SourceVersionDate "2023.10.10"]
[SourceQuality "1"]

1. e4 e5 2. f4 d6 3. d3 g6 4. Nf3 Bg4 5. Be2 Nc6 6. 0-0 Bg7 7. Nc3 Bxf3 8. Bxf3 Nd4 9. Ne2 Nxf3+ 10. Rxf3 Ne7 11. Be3 d5 12. f5 Nc6 13. fxg6 hxg6 14. Qf1 0-0 15. exd5 Qxd5 16. Nc3 Qd7 17. Ne4 0-1